| Tag |
First Indicator |
Second Indicator |
Subfields |
| LEADER |
00000cam a2200000Ia 4500 |
| 001 |
in00002062221 |
| 005 |
20151101190948.0 |
| 008 |
810515s1974 enk b 000 0 eng d |
| 019 |
|
|
|a 26165086
|
| 035 |
|
|
|a (OCoLC)ocm07422589
|
| 040 |
|
|
|a TXT
|c TXT
|d EL$
|d OCL
|d TXA
|d UtOrBLW
|
| 043 |
|
|
|a ma-----
|
| 049 |
|
|
|a TXAM
|
| 090 |
|
|
|a DT38.9.A65
|b O44 1974
|
| 100 |
1 |
|
|a Oded, Arye.
|
| 245 |
1 |
0 |
|a Slaves and oil :
|b the Arab image in Black Africa. /
|c by Aryeh Oded.
|
| 264 |
|
1 |
|a London :
|b Eastern Press,
|c 1974.
|
| 300 |
|
|
|a 47 pages ;
|c 25 cm.
|
| 336 |
|
|
|a text
|b txt
|2 rdacontent
|
| 337 |
|
|
|a unmediated
|b n
|2 rdamedia
|
| 338 |
|
|
|a volume
|b nc
|2 rdacarrier
|
| 500 |
|
|
|a Reprinted from the Wiener Library Bulletin, 1974, Volume XXVII, New Series Number 32.
|
| 504 |
|
|
|a Includes bibliographical references.
|
| 651 |
|
0 |
|a Arab countries
|x Foreign opinion, African.
|
| 650 |
|
0 |
|a Public opinion
|z Africa.
|
| 651 |
|
4 |
|a Africa
|x Relaciones exteriores
|z Países árabes.
|
| 948 |
|
|
|a cataloged
|b h
|c 2005/7/11
|d c
|e mjackson
|f 2:36:16 pm
|
| 994 |
|
|
|a C0
|b TXA
|
| 999 |
|
|
|a MARS
|
| 999 |
f |
f |
|s d96c39a1-256a-3466-9473-cf5d2f8c8089
|i 900ae4bd-54a3-363b-a95f-88792547d128
|t 0
|
| 952 |
f |
f |
|p noncirc
|a Texas A&M University
|b College Station
|c Cushing Memorial Library & Archives
|d Cushing: Area Studies/Africana (Does not check out)
|t 0
|e DT38.9.A65 O44 1974
|h Library of Congress classification
|i unmediated -- volume
|
| 998 |
f |
f |
|a DT38.9.A65 O44 1974
|t 0
|l Cushing: Area Studies/Africana (Does not check out)
|